Central Library OPAC University of Rajshahi

Educational psychology / (Record no. 260)

MARC details
000 -LEADER
fixed length control field 00795nam a2200265 4500
001 - CONTROL NUMBER
control field 260
003 - CONTROL NUMBER IDENTIFIER
rucl marc code BD-RjUL
005 - DATE AND TIME OF LATEST TRANSACTION
control field 20211208233137.0
008 - FIXED-LENGTH DATA ELEMENTS--GENERAL INFORMATION
fixed length control field 131116s1964 ii a|||| |||| 001 0 eng d
035 ## - SYSTEM CONTROL NUMBER
System control number (BD-RjUL)277
-- (OCoLC)179537
040 ## - CATALOGING SOURCE
Original cataloging agency BD-RjUL
Language of cataloging eng
Transcribing agency BD-RjUL
Modifying agency BD-RjUL
041 ## - LANGUAGE CODE
Language code of text/sound track or separate title eng
082 04 - DEWEY DECIMAL CLASSIFICATION NUMBER
Edition number 16
Classification number 370.1508
Author mark and year EDU 1964
100 ## - MAIN ENTRY--PERSONAL NAME
Personal name Skinner, Charles E
9 (RLIN) 134749
245 1# - TITLE STATEMENT
Title Educational psychology /
Statement of responsibility, etc. Charles E Skinner
250 ## - EDITION STATEMENT
Edition statement 4th ed.
260 ## - PUBLICATION, DISTRIBUTION, ETC. (IMPRINT)
Place of publication, distribution, etc. New Delhi :
Name of publisher, distributor, etc. Prentice-hall of India,
Date of publication, distribution, etc. c1964.
300 ## - PHYSICAL DESCRIPTION
Pagination x, 755 p. :
Illustrations illus. ;
Size 22 cm.
526 ## - STUDY PROGRAM INFORMATION NOTE
Requested Dept. Psychology
650 ## - SUBJECT ADDED ENTRY--TOPICAL TERM
Topical term or geographic name as entry element Educational psychology
9 (RLIN) 851
Topical term or geographic name as entry element Pädagogische Psychologie.
9 (RLIN) 852
Topical term or geographic name as entry element Psychopédagogie.
9 (RLIN) 853
856 ## - ELECTRONIC LOCATION AND ACCESS
Materials specified WorldCat details
Uniform Resource Identifier <a href="http://www.worldcat.org">http://www.worldcat.org</a>
942 ## - ADDED ENTRY ELEMENTS (KOHA)
Source of classification or shelving scheme Dewey Decimal Classification
Koha item type Books
Holdings
Lost status Source of classification or shelving scheme Damaged status Not for loan Collection code Permanent Location Current Location Date acquired Source of acquisition Total Checkouts Full call number Date last seen Copy number Koha item type Shelving location Cost, normal purchase price
  Dewey Decimal Classification     Non-fiction Central Library, University of Rajshahi Central Library, University of Rajshahi 20/01/1967 Goverment gift   370.1508 EDU 1964 16/11/2013 C-3 Books    
  Dewey Decimal Classification     Non-fiction Central Library, University of Rajshahi Central Library, University of Rajshahi 17/06/1965 Mirza books   370.1508 EDU 1964 16/11/2013 C-5 Books   12.60
  Dewey Decimal Classification     Non-fiction Central Library, University of Rajshahi Central Library, University of Rajshahi 26/01/1967 paramount BK Coo.   370.1508 EDU 1964 13/11/2016 C-4 Books   12.60